Statistiche per Riconosci la Squadra di calcio - Quiz n°43

Clicka qui per fare il quiz!

Statistiche generali

  • Questo quiz è stato fatto 4 volte
  • Il punteggio medio è 6 su 9

Statistiche sulle risposte

IndizioRisposta% Corretto
Titoli nazionali2 Ligue 2
100%
Colori socialiBlu
100%
Divisione nazionale 2023-2024Seconda
75%
ConfederazioneUEFA
75%
Trofei nazionali0
50%
Fondazione1986
50%
Trofei internazionali1 Coppa Intertoto UEFA
50%
Capienza Stadio20 400 posti
25%
SquadraTroyes
25%

Distribuzione punteggi

Percentile per numero di risposta

Percentuale di utenti per punteggio

I tuoi punteggi nel tempo

Non hai fatto questo quiz